An introduction to corpus linguistics
Guardat en:
| Autor principal: | |
|---|---|
| Format: | Llibre |
| Idioma: | anglès |
| Publicat: |
Essex
Addison-Wesley
1998
|
| Col·lecció: | Studies in Language and Linguistics
|
| Matèries: | |
| Etiquetes: |
Afegir etiqueta
Sense etiquetes, Sigues el primer a etiquetar aquest registre!
|
MARC
| LEADER | 00000nam a2200000 a 4500 | ||
|---|---|---|---|
| 001 | UCM6743 | ||
| 003 | CL-VaPUC | ||
| 008 | 021122e19980000UK |||||||||||||||||eng|d | ||
| 082 | 0 | 4 | |a 410.285 |b KEN |2 21 |
| 100 | 0 | |a Kennedy, Graeme |e author |9 472557 | |
| 245 | 1 | 3 | |a An introduction to corpus linguistics |
| 300 | |a 315 p | ||
| 942 | |c BK | ||
| 945 | |d 20021122 00:00:00 |a cmena | ||
| 260 | |a Essex |b Addison-Wesley |c 1998 | ||
| 650 | 0 | |a Lingüística computacional |9 472558 | |
| 650 | 0 | |a Análisis del discurso |9 256696 | |
| 650 | 0 | |a Proceso de datos |9 259776 | |
| 583 | |a last modification |c 20130419 10:24:19 |k Rodrigo Vera | ||
| 490 | 0 | |a Studies in Language and Linguistics | |
| 999 | |c 301971 |d 301969 | ||
| 952 | |0 0 |1 0 |4 0 |6 410_285000000000000_KEN_1998 |7 0 |8 A |9 361929 |a FDOPOS |b BIBEDU |d 2019-11-21 |i 3860019 |l 1 |o 410.285 KEN 1998 |p 3860019 |r 2025-01-22 |s 2023-05-03 |w 2019-11-21 |y BK |k MLA | ||